Focus sur: Ragnor - Tolkien - Statistiques

Statistiques générales
  • Ce quiz a été pris 5 fois
  • Le résultat moyen est 5 sur 7
Statistiques - réponses
Informations recherchées Réponses % Correct
Espèce Homme
100%
Age durant lequel il vécut Premier
100%
Première apparition Le Silmarillion
75%
Contrée Dorthonion
50%
Groupe auquel il appartient Douze compagnons de Barahir
50%
Maison (lignée) Peuple de {Bëor}
50%
Profession et titre Serviteur de la maison de Bëor/Bandit
25%
Aucun quiz correspondant
Distribution des résultats
% des personnes avec chaque résultat
Percentile par nombre de réponses
Votre historique - résultats
Vous n’avez pas pris ce quiz